000
00148nam a22000857a 4500
082
_a
823
100
_a
PATTY
245
_a
DOUBLE DECKER BUS
942
_c
BK
999
_c
8134
_d
8134